00784nam a22001935i 450000100060000000300090000600500170001500700030003200800410003504000200007610000350009624500600013125000130019126000670020430000200027150502310029160000450052285200230056754479ES-MaACL20250704063111.0t|960724m18891906fr ||||1| fre d aCAM bspa cCAM1 aFouillée, Alfred,d1838-191213aLa philosophie de Platon ... / cpar Alfred Fouillée. a3e éd. aParis : bHachette, c1889-1906 (eCoulommiers : fP. Brodard) a4 v. ; c18 cm.8 aContiene: V. 1. Théorie des idées et de l'amour -- v. 2. Esthétique, morale et religion platoniciennes -- v. 3. Histoire du platonisme et de ses rapports avec le christianisme -- v. 4. Essais de philosophie platonicienne04aPlatón-xCrítica e interpretación. aES-MaACLjF-7970-3